[Event "POL-chT3 Kujawsko Pomorskie 1213"]
[Site "Poland"]
[Date "2012.12.09"]
[Round "4.9"]
[White "Gorski, Leszek"]
[Black "Jablonski, Jerzy"]
[Result "1-0"]
[WhiteElo "2073"]
[BlackElo "1794"]
[PlyCount "120"]
[EventDate "2012.11.04"]
[EventType "team-tourn"]
[EventRounds "11"]
[EventCountry "POL"]
[SourceTitle "EXT 2015"]
[Source "ChessBase"]
[SourceDate "2014.11.20"]
[SourceVersion "1"]
[SourceVersionDate "2014.11.20"]
[SourceQuality "1"]
[WhiteTeam "Chojnice UKS Osemka"]
[BlackTeam "Torun UKS OPP"]
[WhiteTeamCountry "POL"]
[BlackTeamCountry "POL"]

1. d4 Nf6 2. c4 e6 3. Nf3 Bb4+ 4. Bd2 c5 5. Bxb4 cxb4 6. Nbd2 d5 7. e3 0-0 8. Bd3 Nc6 9. 0-0 Re8 10. Qc2 g6 11. Rfd1 Bd7 12. e4 dxe4 13. Nxe4 Nxe4 14. Bxe4 f5 15. Bd3 Qf6 16. d5 exd5 17. cxd5 Ne5 18. Be2 Rac8 19. Qb3 Qd6 20. a3 a5 21. Nxe5 Rxe5 22. Bf3 b5 23. axb4 a4 24. Qa3 Rc4 25. b3 Rc3 26. Rab1 g5 27. Qa1 Rxb3 28. Rxb3 axb3 29. g3 g4 30. Bg2 Re2 31. Qc3 b2 32. Rb1 f4 33. Rxb2 Rxb2 34. Qxb2 f3 35. Bf1 Qxd5 36. Qc3 Kf7 37. Qc7 Kf6 38. Qd8+ Ke5 39. Qh8+ Ke4 40. Qxh7+ Kd4 41. Qd3+ Ke5 42. Qe3+ Kf6 43. Qf4+ Bf5 44. h3 Qe4 45. Qxe4 Bxe4 46. Bxb5 gxh3 47. Kh2 Bf5 48. Bf1 Ke5 49. Bxh3 Be4 50. Bf1 Bb7 51. Kh3 Kd4 52. g4 Kc3 53. b5 Kd2 54. Kg3 Kc3 55. g5 Kd4 56. g6 Ke5 57. Kg4 Kf6 58. Bd3 Bd5 59. Kf4 Bb7 60. Be4 Bc8 1-0

[Event "POL-chT4 Kujawsko Pomorskie 0910"]
[Site "Poland"]
[Date "2009.12.20"]
[Round "4.6"]
[White "Kiedrowski, Albin"]
[Black "Gorski, Leszek"]
[Result "1/2-1/2"]
[WhiteElo "1832"]
[BlackElo "2079"]
[PlyCount "63"]
[EventDate "2009.11.08"]
[EventType "team-swiss"]
[EventRounds "11"]
[EventCountry "POL"]
[SourceTitle "EXT 2020"]
[Source "ChessBase"]
[SourceDate "2019.10.17"]
[SourceVersion "1"]
[SourceVersionDate "2019.10.17"]
[SourceQuality "1"]

1. d4 d5 2. c4 c6 3. e3 Nf6 4. Nc3 a6 5. Nf3 Bf5 6. Bd3 Bxd3 7. Qxd3 e6 8. b3 Nbd7 9. Bd2 Bd6 10. 0-0 0-0 11. c5 Bc7 12. b4 e5 13. dxe5 Nxe5 14. Nxe5 Bxe5 15. f4 Bc7 16. a4 Qe7 17. a5 Rad8 18. Ne2 Rfe8 19. Rae1 Qe4 20. Qc3 Qc4 21. Ng3 Qxc3 22. Bxc3 Ne4 23. Nxe4 Rxe4 24. Bd4 Rde8 25. g3 Bd8 26. Kf2 f5 27. Rd1 Kf7 28. h3 Bf6 29. Rfe1 Bxd4 30. Rxd4 Rxd4 31. exd4 Rxe1 32. Kxe1 1/2-1/2

[Event "Chojnice op"]
[Site "Chojnice"]
[Date "2009.07.14"]
[Round "5"]
[White "Plichta, Kamil"]
[Black "Gorski, Leszek"]
[Result "0-1"]
[WhiteElo "2039"]
[BlackElo "2109"]
[PlyCount "176"]
[EventDate "2009.07.11"]
[EventType "swiss"]
[EventRounds "9"]
[EventCountry "POL"]
[SourceTitle "CBM 131 Extra"]
[Source "ChessBase"]
[SourceDate "2009.09.03"]
[SourceVersion "2"]
[SourceVersionDate "2009.09.16"]
[SourceQuality "1"]

1. d4 d5 2. c4 c6 3. Nc3 Nf6 4. e3 e6 5. Nf3 Be7 6. Qc2 Nbd7 7. g4 dxc4 8. e4 Nb6 9. g5 Nfd7 10. Bf4 Nf8 11. h4 Bd6 12. e5 Bb4 13. Bd2 Bxc3 14. Qxc3 Ng6 15. 0-0-0 Ne7 16. h5 Qd5 17. Bg2 Bd7 18. Qa3 Qb5 19. g6 hxg6 20. hxg6 Nxg6 21. Rxh8+ Nxh8 22. Bg5 Nd5 23. Nd2 Ng6 24. Rh1 Qb4 25. Qxb4 Nxb4 26. Nxc4 Kf8 27. Be4 Kg8 28. a3 Nd5 29. Nd6 b6 30. Rh3 Rf8 31. Kd2 Nde7 32. Rg3 Nf5 33. Bxf5 exf5 34. Ke3 Be6 35. Rg1 Kh7 36. Rh1+ Kg8 37. Rc1 Bd7 38. Rg1 Kh7 39. b4 Be6 40. Rc1 f6 41. Bf4 Nxf4 42. Kxf4 g5+ 43. Ke3 fxe5 44. dxe5 Bd5 45. Kd4 a6 46. a4 Ra8 47. Nxf5 Rf8 48. Ne7 Rf4+ 49. Kd3 Rxb4 50. Nxc6 Rxa4 51. Nd4 Kg6 52. Re1 Ra3+ 53. Kc2 Ra2+ 54. Kc3 Rxf2 55. e6 Rf8 56. e7 Re8 57. Re5 Bb7 58. Nf5 Kf6 59. Kd4 Bc8 60. Ne3 Be6 61. Nf1 Rxe7 62. Re1 Bh3 63. Ne3 Rd7+ 64. Ke4 b5 65. Rc1 Rd6 66. Rc7 Be6 67. Rb7 g4 68. Rh7 b4 69. Rh2 b3 70. Rf2+ Kg5 71. Ke5 Rb6 72. Nd1 g3 73. Rd2 Kg4 74. Ke4 Bf5+ 75. Ke5 Rb8 76. Ne3+ Kg5 77. Nc4 Re8+ 78. Kd5 Be6+ 79. Kc5 Rc8+ 80. Kb4 Rxc4+ 81. Ka3 Rc2 82. Rd6 g2 83. Rd1 a5 84. Ka4 b2 85. Re1 Rc1 86. Re5+ Kf6 87. Rb5 Bd7 88. Kxa5 Bxb5 0-1

[Event "Chojnice op"]
[Site "Chojnice"]
[Date "2009.07.12"]
[Round "2"]
[White "Smagalski, Slawomir"]
[Black "Gorski, Leszek"]
[Result "1-0"]
[WhiteElo "2010"]
[BlackElo "2109"]
[PlyCount "93"]
[EventDate "2009.07.11"]
[EventType "swiss"]
[EventRounds "9"]
[EventCountry "POL"]
[SourceTitle "CBM 131 Extra"]
[Source "ChessBase"]
[SourceDate "2009.09.03"]
[SourceVersion "2"]
[SourceVersionDate "2009.09.16"]
[SourceQuality "1"]

1. Nf3 d5 2. c4 c6 3. b3 Bf5 4. g3 Nf6 5. Bg2 h6 6. Bb2 e6 7. 0-0 Nbd7 8. d3 Be7 9. Nbd2 0-0 10. a3 b5 11. Nd4 Qb6 12. Nxf5 exf5 13. e3 Rab8 14. cxd5 cxd5 15. b4 Rbc8 16. Nb3 Rfd8 17. Rc1 Bd6 18. Qf3 g6 19. Bd4 Qa6 20. Na5 Be5 21. Bxe5 Nxe5 22. Qe2 Rxc1 23. Rxc1 Rc8 24. Rxc8+ Qxc8 25. Qd2 h5 26. Kf1 Kg7 27. Ke2 Qe6 28. Nb3 Nc6 29. Qc3 g5 30. Nc5 Qe8 31. Bxd5 Ne5 32. Ba2 f4 33. Ne6+ fxe6 34. Qxe5 Qc6 35. Qxg5+ Kf7 36. Qc5 f3+ 37. Kd2 Qa6 38. Qc7+ Kg6 39. Qc3 Ng4 40. d4 Nxf2 41. Bb1+ Kg5 42. e4 Kg4 43. Qe3 Nh3 44. e5 Qc6 45. Be4 Qc7 46. Qxf3+ Kg5 47. Qf6+ 1-0

[Event "Chojnice op"]
[Site "Chojnice"]
[Date "2009.07.11"]
[Round "1"]
[White "Gorski, Leszek"]
[Black "Budrewicz, Krzysztof"]
[Result "0-1"]
[WhiteElo "2109"]
[BlackElo "2374"]
[PlyCount "70"]
[EventDate "2009.07.11"]
[EventType "swiss"]
[EventRounds "9"]
[EventCountry "POL"]
[SourceTitle "CBM 131 Extra"]
[Source "ChessBase"]
[SourceDate "2009.09.03"]
[SourceVersion "2"]
[SourceVersionDate "2009.09.16"]
[SourceQuality "1"]

1. d4 Nf6 2. c4 g6 3. Nc3 Bg7 4. e4 d6 5. f3 0-0 6. Nge2 c6 7. Be3 e5 8. Qd2 Nbd7 9. g4 Re8 10. Ng3 exd4 11. Bxd4 Ne5 12. Be2 Be6 13. g5 Nfd7 14. b3 Bh3 15. f4 c5 16. Be3 Nc6 17. Bf1 Nd4 18. Kf2 Be6 19. Bg2 f6 20. h4 Rf8 21. Kg1 Qa5 22. Rf1 Rae8 23. Nce2 Qxd2 24. Bxd2 f5 25. exf5 Bxc4 26. bxc4 Nxe2+ 27. Nxe2 Rxe2 28. Bd5+ Kh8 29. Rh2 Bd4+ 30. Kh1 Rfe8 31. Be6 Rxh2+ 32. Kxh2 Nb6 33. Ba5 gxf5 34. Bxf5 Nxc4 35. Bc7 Ne3 0-1

[Event "POL-chT3 Kujawsko Pomorskie 0809"]
[Site "Poland"]
[Date "2009.03.29"]
[Round "11.15"]
[White "Matusiak, Andrzej"]
[Black "Gorski, Leszek"]
[Result "0-1"]
[WhiteElo "1788"]
[BlackElo "2109"]
[PlyCount "55"]
[EventDate "2008.11.09"]
[EventType "team-tourn"]
[EventRounds "11"]
[EventCountry "POL"]
[SourceTitle "EXT 2019"]
[Source "ChessBase"]
[SourceDate "2018.10.10"]
[SourceVersion "1"]
[SourceVersionDate "2018.10.10"]
[SourceQuality "1"]

1. e4 c5 2. Nf3 d6 3. d4 cxd4 4. Nxd4 Nf6 5. Nc3 a6 6. h3 e6 7. Bd3 Be7 8. 0-0 0-0 9. Be3 b5 10. a3 Bb7 11. Nde2 Nbd7 12. Ng3 Qc7 13. Nh5 Ne5 14. f4 Nc4 15. Bxc4 Qxc4 16. e5 Nxh5 17. Qxh5 g6 18. Qe2 Rac8 19. Rac1 d5 20. Rfd1 Rfd8 21. Qxc4 Rxc4 22. Bd4 Rdc8 23. Rd2 b4 24. axb4 Bxb4 25. g3 a5 26. Kf2 a4 27. Ke3 a3 28. Nb1 0-1

[Event "POL-chT3 Kujawsko Pomorskie 0708"]
[Site "Poland"]
[Date "2007.12.16"]
[Round "4.21"]
[White "Bieganski, Zdzislaw"]
[Black "Gorski, Leszek"]
[Result "1-0"]
[WhiteElo "1960"]
[BlackElo "2136"]
[PlyCount "76"]
[EventDate "2007.11.04"]
[EventType "team-tourn"]
[EventRounds "11"]
[EventCountry "POL"]
[SourceTitle "EXT 2019"]
[Source "ChessBase"]
[SourceDate "2018.10.10"]
[SourceVersion "1"]
[SourceVersionDate "2018.10.10"]
[SourceQuality "1"]

1. d4 d5 2. e3 Nf6 3. Nf3 Bf5 4. c4 e6 5. Qb3 b6 6. Nc3 Be7 7. Nh4 Bg6 8. cxd5 exd5 9. Nxg6 hxg6 10. Bd2 c6 11. Bd3 Qd6 12. h3 Nbd7 13. 0-0-0 c5 14. Bb5 0-0 15. Bxd7 Qxd7 16. g4 c4 17. Qa4 Qb7 18. g5 Ne4 19. Nxe4 b5 20. Nc5 Bxc5 21. Qc2 Be7 22. h4 b4 23. Be1 Rfc8 24. Kb1 a5 25. h5 Ra6 26. hxg6 fxg6 27. f4 b3 28. axb3 cxb3 29. Qd3 a4 30. Bc3 a3 31. Rh2 Bb4 32. Bxb4 Qxb4 33. Qxa6 a2+ 34. Ka1 Re8 35. Qxg6 Rxe3 36. Qh7+ Kf7 37. Qf5+ Ke7 38. Rh7 Qe1 1-0

[Event "POL-chT3 Kujawsko Pomorskie 0708"]
[Site "Poland"]
[Date "2007.11.04"]
[Round "1.27"]
[White "Gorski, Leszek"]
[Black "Chrapkowski, Grzegorz"]
[Result "0-1"]
[WhiteElo "2136"]
[BlackElo "2218"]
[PlyCount "74"]
[EventDate "2007.11.04"]
[EventType "team-tourn"]
[EventRounds "11"]
[EventCountry "POL"]
[SourceTitle "EXT 2019"]
[Source "ChessBase"]
[SourceDate "2018.10.10"]
[SourceVersion "1"]
[SourceVersionDate "2018.10.10"]
[SourceQuality "1"]

1. c4 Nf6 2. Nc3 g6 3. Nf3 Bg7 4. g3 0-0 5. Bg2 d5 6. cxd5 Nxd5 7. 0-0 c5 8. Nxd5 Qxd5 9. d3 Nc6 10. Be3 Qd6 11. Qd2 b6 12. Bf4 Qe6 13. Bh6 Bb7 14. Bxg7 Kxg7 15. Qc3+ f6 16. e3 Rac8 17. Ng5 Qd6 18. Bh3 Ne5 19. f4 Nxd3 20. Bxc8 Rxc8 21. Rad1 c4 22. b3 b5 23. bxc4 bxc4 24. Nf3 Qc6 25. Qd4 Qe6 26. Rd2 Rc7 27. Re2 Rd7 28. Qc3 Qd5 29. h4 a5 30. Kh2 Rc7 31. Nd2 Qe6 32. e4 Bc8 33. Re3 Qb6 34. Re2 Bg4 35. Nf3 h6 36. Qd4 Qxd4 37. Nxd4 Bxe2 0-1

[Event "POL-chT3 0607"]
[Site "Poland"]
[Date "2006.11.26"]
[Round "3.34"]
[White "Sworowski, Piotr"]
[Black "Gorski, Leszek"]
[Result "1-0"]
[WhiteElo "2013"]
[BlackElo "2174"]
[PlyCount "85"]
[EventDate "2006.11.12"]
[EventType "team"]
[EventRounds "11"]
[EventCountry "POL"]
[SourceTitle "EXT 2009"]
[Source "ChessBase"]
[SourceDate "2008.11.26"]
[SourceVersion "1"]
[SourceVersionDate "2008.11.26"]
[SourceQuality "1"]

1. e4 c5 2. Nf3 d6 3. d4 cxd4 4. Nxd4 Nf6 5. Nc3 a6 6. Be3 e6 7. Be2 Be7 8. f4 Nc6 9. 0-0 0-0 10. Bf3 Bd7 11. Nb3 b5 12. a3 Rc8 13. g4 Na5 14. Nxa5 Qxa5 15. g5 Ne8 16. Qd2 Bd8 17. Rfd1 Bb6 18. Bxb6 Qxb6+ 19. Qf2 Qd8 20. h4 Qc7 21. Bg4 a5 22. Rd2 f6 23. Bh5 fxg5 24. hxg5 g6 25. Bg4 e5 26. Nd5 Qd8 27. Bxd7 Qxd7 28. Qh4 exf4 29. Rf1 f3 30. Rdf2 Qe6 31. Rxf3 Rxf3 32. Rxf3 Qe5 33. c3 Rc4 34. Rf4 Rc8 35. Qh6 Qg7 36. Qh3 Rd8 37. Qe6+ Kh8 38. Kg2 Qg8 39. Rf7 Ng7 40. Qe7 Re8 41. Rxg7 Rxe7 42. Rxg8+ Kxg8 43. Nxe7+ 1-0